[Event "RSA-chT Inter Provincial"]
[Site "Bloemfontein"]
[Date "2017.08.31"]
[Round "1.1"]
[White "Jere, Daniel"]
[Black "Odendaal, Frederick"]
[Result "1/2-1/2"]
[WhiteElo "2389"]
[BlackElo "2068"]
[PlyCount "66"]
[EventDate "2017.08.31"]
[EventType "team-swiss"]
[EventRounds "6"]
[EventCountry "RSA"]
[SourceTitle "CBM 180 Extra"]
[Source "ChessBase"]
[SourceDate "2017.10.06"]
[SourceVersion "1"]
[SourceVersionDate "2017.10.06"]
[SourceQuality "1"]
[WhiteTeam "Gauteng"]
[BlackTeam "Eastern Cape"]
[WhiteTeamCountry "RSA"]
[BlackTeamCountry "RSA"]

1. c4 c5 2. g3 Nc6 3. Bg2 g6 4. Nc3 Bg7 5. a3 e6 6. b4 Nxb4 7. axb4 cxb4 8. Nb5 Bxa1 9. Qa4 Bf6 10. Qxb4 Be7 11. Qc3 f6 12. h4 a6 13. Na3 Nh6 14. h5 g5 15. Nf3 Nf7 16. 0-0 Qc7 17. Qa1 g4 18. Nh2 Rg8 19. d3 Qa5 20. Bb2 Rb8 21. Qc1 Qg5 22. Qa1 Qxh5 23. Bxf6 Bxf6 24. Qxf6 Qe5 25. Qh4 h5 26. Rb1 Qg5 27. Nf1 Qxh4 28. gxh4 b6 29. Ng3 Ke7 30. Nxh5 Bb7 31. Nf4 Bxg2 32. Kxg2 Nd6 33. h5 Kf7 1/2-1/2

[Event "South African op"]
[Site "Durban"]
[Date "2017.07.19"]
[Round "8"]
[White "Grover, Sahaj"]
[Black "Jere, Daniel"]
[Result "1/2-1/2"]
[WhiteElo "2484"]
[BlackElo "2380"]
[PlyCount "104"]
[EventDate "2017.07.14"]
[EventType "swiss"]
[EventRounds "11"]
[EventCountry "RSA"]
[SourceTitle "CBM 179 Extra"]
[Source "ChessBase"]
[SourceDate "2017.08.23"]
[SourceVersion "1"]
[SourceVersionDate "2017.08.23"]
[SourceQuality "1"]

1. d4 Nf6 2. c4 g6 3. Nc3 Bg7 4. e4 d6 5. f3 0-0 6. Nge2 Nc6 7. Be3 a6 8. Qd2 Rb8 9. Rc1 Bd7 10. Nd1 b5 11. c5 e6 12. Nf2 Ne7 13. h4 e5 14. d5 dxc5 15. Bxc5 Re8 16. h5 Nxh5 17. g4 Nf4 18. Nxf4 exf4 19. Nh3 Bxg4 20. fxg4 Nxd5 21. Bg2 Qh4+ 22. Qf2 Qxg4 23. 0-0 Rxe4 24. Qf3 Qxf3 25. Bxf3 Re5 26. Rfe1 Ne3 27. Bd4 Rf5 28. Bxg7 Kxg7 29. Kf2 c5 30. Be4 Re5 31. Kf3 Rbe8 32. Bb1 g5 33. Rg1 Kh6 34. Rh1 g4+ 35. Kxf4 f5 36. Ng5+ Kg6 37. Rh6+ Kxh6 38. Nf7+ Kg6 39. Nxe5+ Rxe5 40. Kxe5 Kg5 41. Rxc5 g3 42. Be4 h5 43. Rc3 Ng4+ 44. Kd4 fxe4 45. Rxg3 h4 46. Rg1 e3 47. Ke4 h3 48. Kf3 h2 49. Rh1 Kf5 50. b4 Kg5 51. Kg3 Kf5 52. Kf3 Kg5 1/2-1/2

[Event "South African op"]
[Site "Durban"]
[Date "2017.07.17"]
[Round "6"]
[White "Subke, Jason James"]
[Black "Jere, Daniel"]
[Result "0-1"]
[WhiteElo "1932"]
[BlackElo "2380"]
[PlyCount "76"]
[EventDate "2017.07.14"]
[EventType "swiss"]
[EventRounds "11"]
[EventCountry "RSA"]
[SourceTitle "CBM 179 Extra"]
[Source "ChessBase"]
[SourceDate "2017.08.23"]
[SourceVersion "1"]
[SourceVersionDate "2017.08.23"]
[SourceQuality "1"]

1. e4 e6 2. d4 d5 3. exd5 exd5 4. Bd3 Nc6 5. Nf3 Nb4 6. Be2 Bf5 7. Na3 Nf6 8. c3 Nc6 9. Nc2 Bd6 10. Bg5 h6 11. Bh4 g5 12. Bg3 Ne4 13. Ne3 Be6 14. Bb5 h5 15. Bxd6 cxd6 16. Nd2 Nf6 17. Qe2 Qb6 18. 0-0 0-0-0 19. a4 Ne7 20. a5 Qc7 21. c4 Kb8 22. Rfc1 dxc4 23. Nexc4 Rc8 24. a6 b6 25. Qf3 Nfd5 26. Ne3 Qxc1+ 27. Rxc1 Rxc1+ 28. Ndf1 g4 29. Qg3 Kc7 30. Nxd5+ Nxd5 31. Qd3 Rc8 32. g3 Kd8 33. Qh7 Nf6 34. Qh6 Ke7 35. Qg5 Rb1 36. Bd3 Rd1 37. Bf5 Bxf5 38. Qxf5 Rcc1 0-1

[Event "Livingstone FIDE zt 4.3"]
[Site "Livingstone"]
[Date "2017.06.12"]
[Round "4"]
[White "Pon, Matt"]
[Black "Jere, Daniel"]
[Result "0-1"]
[WhiteElo "2165"]
[BlackElo "2387"]
[PlyCount "68"]
[EventDate "2017.06.10"]
[EventType "swiss"]
[EventRounds "9"]
[EventCountry "ZAM"]
[SourceTitle "EXT 2020"]
[Source "ChessBase"]
[SourceDate "2019.10.17"]
[SourceVersion "1"]
[SourceVersionDate "2019.10.17"]
[SourceQuality "1"]

1. e4 e6 2. d3 d5 3. Nd2 Nf6 4. Ngf3 c5 5. g3 Nc6 6. Bg2 Be7 7. 0-0 0-0 8. e5 Nd7 9. Re1 b5 10. Nf1 a5 11. h4 b4 12. N1h2 Ba6 13. Ng4 a4 14. Bf4 Bb5 15. Ng5 c4 16. dxc4 Bxc4 17. Bf1 Bxf1 18. Kxf1 Qb6 19. Kg2 Qd4 20. Qb1 Bxg5 21. hxg5 Rfc8 22. c3 bxc3 23. bxc3 Qxc3 24. Rh1 Nf8 25. Qb7 Qb4 26. Qxb4 Nxb4 27. Rhd1 Ng6 28. Rd2 Rc4 29. Kf3 Rac8 30. Rb1 Nc6 31. Rd3 Nd4+ 32. Ke3 Nf5+ 33. Kf3 Nfh4+ 34. gxh4 Rxf4+ 0-1

[Event "Johannesburg Gauteng op"]
[Site "Johannesburg"]
[Date "2017.05.03"]
[Round "1"]
[White "Jere, Daniel"]
[Black "Marx, Inge"]
[Result "1-0"]
[WhiteElo "2390"]
[BlackElo "1668"]
[PlyCount "96"]
[EventDate "2017.05.03"]
[EventType "swiss"]
[EventRounds "7"]
[EventCountry "RSA"]
[SourceTitle "CBM 178 Extra"]
[Source "ChessBase"]
[SourceDate "2017.06.22"]
[SourceVersion "1"]
[SourceVersionDate "2017.06.22"]
[SourceQuality "1"]

1. c4 c5 2. g3 g6 3. Bg2 Bg7 4. Nc3 Nf6 5. a3 Nc6 6. Rb1 d6 7. b4 Bf5 8. d3 Ng4 9. Bd2 cxb4 10. axb4 Qb6 11. Nh3 Nge5 12. Nf4 0-0 13. Ncd5 Qd8 14. Ne3 Qd7 15. Nxf5 Qxf5 16. Bh3 Qg5 17. b5 Nd4 18. Bg2 Rab8 19. Nd5 Qg4 20. f4 Nd7 21. Nxe7+ Kh8 22. e3 Qe6 23. Nd5 Nc5 24. 0-0 Nf5 25. Qc2 a6 26. Rfe1 axb5 27. Rxb5 Rfc8 28. Bc3 Qd7 29. Nb6 Qe8 30. Nxc8 Rxc8 31. Bxg7+ Kxg7 32. Qc3+ Kg8 33. d4 Ne4 34. Qd3 d5 35. Rxd5 Nf6 36. Rb5 Nd6 37. Rb6 Qe7 38. c5 Nde4 39. Rxf6 Nxf6 40. e4 Qd8 41. e5 Nd5 42. Rb1 b6 43. cxb6 Nxb6 44. d5 Rc5 45. Qe3 Nd7 46. e6 fxe6 47. dxe6 Qe7 48. Rb7 Qe8 1-0

[Event "Johannesburg PSS IM"]
[Site "Johannesburg"]
[Date "2017.04.29"]
[Round "6"]
[White "Jere, Daniel"]
[Black "Barrish, Daniel"]
[Result "1-0"]
[WhiteElo "2384"]
[BlackElo "2252"]
[PlyCount "45"]
[EventDate "2017.04.26"]
[EventType "tourn"]
[EventRounds "9"]
[EventCountry "RSA"]
[EventCategory "4"]
[SourceTitle "CBM 178 Extra"]
[Source "ChessBase"]
[SourceDate "2017.06.22"]
[SourceVersion "1"]
[SourceVersionDate "2017.06.22"]
[SourceQuality "1"]

1. c4 e5 2. g3 c6 3. d4 e4 4. Bg2 d5 5. Nc3 Bb4 6. Qb3 Bxc3+ 7. bxc3 Nf6 8. Ba3 Na6 9. cxd5 cxd5 10. f3 Qa5 11. Rc1 b6 12. Nh3 Bd7 13. 0-0 Bb5 14. fxe4 Bc4 15. Qb2 dxe4 16. Nf2 Qg5 17. Qc2 0-0-0 18. Be7 Rde8 19. Bxf6 Qxf6 20. Nxe4 Qg6 21. Qa4 Bxe2 22. Rfe1 Bd3 23. Nd6+ 1-0

[Event "Johannesburg PSS IM"]
[Site "Johannesburg"]
[Date "2017.04.28"]
[Round "4"]
[White "Amonatov, Farrukh"]
[Black "Jere, Daniel"]
[Result "1-0"]
[WhiteElo "2632"]
[BlackElo "2384"]
[PlyCount "99"]
[EventDate "2017.04.26"]
[EventType "tourn"]
[EventRounds "9"]
[EventCountry "RSA"]
[EventCategory "4"]
[SourceTitle "CBM 178 Extra"]
[Source "ChessBase"]
[SourceDate "2017.06.22"]
[SourceVersion "1"]
[SourceVersionDate "2017.06.22"]
[SourceQuality "1"]

1. e4 e6 2. d4 d5 3. Nc3 Nf6 4. e5 Nfd7 5. f4 c5 6. Nf3 Nc6 7. Be3 a6 8. Qd2 b5 9. Nd1 b4 10. c3 bxc3 11. Nxc3 Rb8 12. Be2 g5 13. fxg5 cxd4 14. Nxd4 Ndxe5 15. 0-0 Bc5 16. Nxc6 Bxe3+ 17. Qxe3 Nxc6 18. Kh1 Rg8 19. Bh5 Qxg5 20. Bxf7+ Kd8 21. Qf2 Rg7 22. Rae1 Nd4 23. g3 Rb4 24. Bxe6 Nxe6 25. Rxe6 Rxb2 26. Rd6+ Kc7 27. Qxb2 Kxd6 28. Rd1 Qg4 29. Qb6+ Kd7 30. Rxd5+ Ke7 31. Qe3+ Be6 32. Rd4 Qh3 33. Rf4 Rf7 34. Nd5+ Kd6 35. Nf6 Rb7 36. Ne4+ Kc7 37. Qc5+ Kb8 38. Rf8+ Bc8 39. Rxc8+ Qxc8 40. Qxc8+ Kxc8 41. Nd6+ Kc7 42. Nxb7 Kxb7 43. Kg2 Kc6 44. Kf3 Kc5 45. g4 a5 46. g5 a4 47. Kg4 Kb4 48. Kh5 Ka3 49. Kh6 Kxa2 50. Kxh7 1-0

[Event "ZAM-ch op"]
[Site "Lusaka"]
[Date "2017.03.29"]
[Round "1"]
[White "Jere, Daniel"]
[Black "Kabwe, Timothy"]
[Result "1-0"]
[WhiteElo "2386"]
[BlackElo "2159"]
[PlyCount "101"]
[EventDate "2017.03.29"]
[EventType "swiss"]
[EventRounds "9"]
[EventCountry "ZAM"]
[SourceTitle "EXT 2018"]
[Source "ChessBase"]
[SourceDate "2017.10.13"]
[SourceVersion "1"]
[SourceVersionDate "2017.10.13"]
[SourceQuality "1"]

1. c4 Nf6 2. g3 e6 3. Bg2 d5 4. Nf3 Be7 5. 0-0 0-0 6. b3 b6 7. Bb2 Bb7 8. e3 c5 9. Nc3 Nc6 10. cxd5 exd5 11. d4 Qb8 12. dxc5 bxc5 13. Na4 Rd8 14. Rc1 Ne4 15. Ba3 Ba6 16. Re1 Nb4 17. Bxb4 Qxb4 18. Ne5 Rac8 19. Qg4 Bb5 20. Bxe4 dxe4 21. Nc3 Bd3 22. Qf5 Rf8 23. Nd5 Qb7 24. Nd7 Bd8 25. Nxf8 Kxf8 26. Nf4 g6 27. Ne6+ Kg8 28. Nxc5 Qb8 29. Qd5 Qb5 30. a4 Qb8 31. Nxd3 exd3 32. Rxc8 Qxc8 33. Qxd3 h5 34. Rd1 Bf6 35. Qd7 Qc2 36. b4 h4 37. a5 Bc3 38. Qe8+ Kg7 39. Rd8 Kf6 40. Rd7 Kg5 41. Qxf7 Qc1+ 42. Kg2 h3+ 43. Kf3 Qh1+ 44. Ke2 Bf6 45. Rd5+ Kh6 46. Qf8+ Bg7 47. Qf4+ Kh7 48. Qh4+ Kg8 49. Qc4 Kh7 50. Qh4+ Kg8 51. Qxh3 1-0

[Event "Boksburg Inter Region-ch"]
[Site "Boksburg"]
[Date "2016.12.20"]
[Round "1.1"]
[White "Jere, Daniel"]
[Black "Tafira, Tinashe"]
[Result "1-0"]
[WhiteElo "2370"]
[BlackElo "1785"]
[PlyCount "59"]
[EventDate "2016.12.20"]
[EventType "team-swiss"]
[EventRounds "7"]
[EventCountry "RSA"]
[SourceTitle "CBM 176 Extra"]
[Source "ChessBase"]
[SourceDate "2017.03.02"]
[SourceVersion "1"]
[SourceVersionDate "2017.03.02"]
[SourceQuality "1"]
[WhiteTeam "The A-Team"]
[BlackTeam "Vorster Force"]
[WhiteTeamCountry "RSA"]
[BlackTeamCountry "RSA"]

1. c4 Nf6 2. g3 g6 3. Bg2 Bg7 4. Nc3 d6 5. Nf3 Nbd7 6. 0-0 0-0 7. d3 e5 8. b4 e4 9. dxe4 Nxe4 10. Nxe4 Bxa1 11. Bg5 Bf6 12. Nxf6+ Nxf6 13. Qd4 Kg7 14. Qh4 Re8 15. e4 Qe7 16. Re1 Bd7 17. e5 dxe5 18. Nxe5 Bc6 19. Bxc6 bxc6 20. Re3 Qd6 21. Rf3 Re6 22. Nxf7 Qd1+ 23. Kg2 Nh5 24. Bh6+ Kg8 25. Be3 Rxe3 26. Nh6+ Kh8 27. Rxe3 Rf8 28. Qe7 Qd6 29. Nf7+ Rxf7 30. Qxf7 1-0

[Event "Cape Town Chess Lounge"]
[Site "Cape Town"]
[Date "2016.11.30"]
[Round "5"]
[White "Anwuli, Daniel"]
[Black "Jere, Daniel"]
[Result "1/2-1/2"]
[WhiteElo "2331"]
[BlackElo "2364"]
[PlyCount "109"]
[EventDate "2016.11.27"]
[EventType "tourn"]
[EventRounds "9"]
[EventCountry "RSA"]
[EventCategory "1"]
[SourceTitle "EXT 2018"]
[Source "ChessBase"]
[SourceDate "2017.10.13"]
[SourceVersion "1"]
[SourceVersionDate "2017.10.13"]
[SourceQuality "1"]

1. c4 Nf6 2. g3 e5 3. Bg2 c6 4. Nf3 e4 5. Nd4 d5 6. cxd5 cxd5 7. Nc3 Nc6 8. Nxc6 bxc6 9. d3 exd3 10. Qxd3 Be7 11. 0-0 0-0 12. b3 Be6 13. Bb2 Rc8 14. Rfd1 Qd7 15. Rac1 Bf5 16. e4 dxe4 17. Qxd7 Bxd7 18. Nxe4 Nd5 19. Nc3 Nb6 20. Ne4 Be6 21. Bd4 Ba3 22. Bc5 Bxc1 23. Bxf8 Kxf8 24. Rxc1 Bd5 25. Nc3 Be6 26. h4 h6 27. Ne2 c5 28. Nf4 c4 29. Bb7 Rb8 30. Nxe6+ fxe6 31. Ba6 cxb3 32. axb3 Rd8 33. Rc7 Rd7 34. Rc6 Ke7 35. Kg2 Rd6 36. Rc7+ Rd7 37. Rc6 Rd6 38. Rc2 Nd7 39. Be2 Rb6 40. Rc7 Rxb3 41. Rxa7 Rb2 42. Bh5 g5 43. hxg5 hxg5 44. Bd1 Kd6 45. Ra6+ Ke5 46. Ra3 Nc5 47. Re3+ Kd4 48. Re2 Rxe2 49. Bxe2 Ne4 50. f4 Ke3 51. Bg4 gxf4 52. gxf4 e5 53. fxe5 Ng5 54. e6 Nxe6 55. Bxe6 1/2-1/2

[Event "Johannesburg Redpath op"]
[Site "Johannesburg"]
[Date "2016.07.16"]
[Round "6"]
[White "Jere, Daniel"]
[Black "Oatlhotse, Providence"]
[Result "1/2-1/2"]
[WhiteElo "2368"]
[BlackElo "2250"]
[PlyCount "32"]
[EventDate "2016.07.13"]
[EventType "swiss"]
[EventRounds "9"]
[EventCountry "RSA"]
[SourceTitle "CBM 173 Extra"]
[Source "ChessBase"]
[SourceDate "2016.08.29"]
[SourceVersion "1"]
[SourceVersionDate "2016.08.29"]
[SourceQuality "1"]

1. c4 c6 2. g3 d5 3. Bg2 Nf6 4. Nf3 Bg4 5. Ne5 Be6 6. cxd5 Bxd5 7. Nf3 c5 8. 0-0 e6 9. Nc3 Bc6 10. d4 Nbd7 11. Be3 Be7 12. dxc5 Bxc5 13. Bxc5 Nxc5 14. Rc1 0-0 15. Qd4 Qxd4 16. Nxd4 Bxg2 1/2-1/2